000 00738nam a2200289Ia 4500
005 20260324143527.0
008 008 260324s9999 xx 000 0 eng d
020 _a9781315807478
037 _aEBOOK
040 _aCRL
040 _beng
040 _cCRL
041 _2eng
041 _aeng
084 _qCRL
100 _aAllan G. Reynolds
_91215955
245 0 _aBilingualism, Multiculturalism, and Second Language Learning
245 4 _bThe Mcgill Conference in Honour of Wallace E. Lambert
260 _bTaylor and Francis
260 _c1991
365 _a
365 _b59.99
856 _uhttp://www.taylorfrancis.com/books/9781315807478
942 _cEBOOK
999 _c1821474
_d1821474